Pełne nazwy państw Europy - Statystyki

Ogólne statystyki
  • Ten quiz został rozwiązany 179 razy
  • Średni wynik to 18 z 45
Odpowiedzi na mapie
Odpowiedzi zakodowano w zielono-czerwonej skali na mapie do tego quizu, zgodnie z poniższymi procentami.
 
Statystyki odpowiedzi
Państwo % Poprawnych
Rzeczpospolita Polska
92%
Republika Czeska
62%
Federacja Rosyjska
52%
Królestwo Hiszpanii
52%
Republika Irlandii
51%
Królestwo Szwecji
49%
Republika Federalna Niemiec
49%
Republika Francuska
48%
Królestwo Danii
47%
Królestwo Norwegii
47%
Królestwo Niderlandów
45%
Republika Słowacka
45%
Republika Włoska
44%
Królestwo Belgii
43%
Republika Litewska
43%
Republika Łotewska
43%
Księstwo Monako
42%
Republika Estońska
42%
Republika Grecka
40%
Republika Islandii
39%
Republika Austrii
38%
Republika Finlandii
38%
Ukraina
38%
Republika Bułgarii
37%
Republika Serbii
37%
Republika Słowenii
37%
Republika Chorwacji
36%
Republika Portugalska
36%
Zjednoczone Królestwo Wielkiej Brytanii i Irlandii Północnej
36%
Republika Białorusi
35%
Księstwo Andory
33%
Księstwo Liechtensteinu
33%
Republika Kosowa
33%
Republika Mołdawii
33%
Republika Albanii
32%
Republika San Marino
32%
Republika Macedonii Północnej
28%
Republika Malty
28%
Bośnia i Hercegowina
27%
Rumunia
27%
Węgry
27%
Konfederacja Szwajcarska
24%
Wielkie Księstwo Luksemburga
23%
Czarnogóra
21%
Państwo Watykańskie
14%
Nie znaleziono quizów pasujących do podanych kryteriów
Rozkład punktacji
Procent ludzi z każdym wynikiem
Percentyl według liczby udzielonych odpowiedzi
Twoja historia wyników
Nie rozwiązałeś tego quizu